000 00678nas a2200241 i 4500
001 619
003 ES-MaACL
005 20250731030153.0
007 t|
008 950801d18761891sp | | 1 ||pa d
080 _a796/799
245 0 3 _aEl Campo /
_cdir. El Conde de las Cinco Torres.
260 _aMadrid :
_b[s.n.],
_c1876-1891 (
_f[Imp. Arribau)
300 _a14 v. :
_bgrab ;
_c40 cm.
310 _aQuincenal
362 0 _aAño 1, n. 1 (1 dic. 1876)- (1891)
650 1 7 _aAgricultura
_2embne
_99670
650 1 4 _aDeportes.
_911591
700 1 _aConde de las Cinco Torres,
_edir.
_9227494
852 _aES-MaACL
_jHem-29
866 0 _o1876-91
999 _c619
_d619